| 000 | 00870nam a2200241Ia 4500 | ||
|---|---|---|---|
| 001 | 9523 | ||
| 003 | GE_BSU | ||
| 008 | 181216s||||||||xx |||||||||||||| ||und|| | ||
| 040 | _cGE_BSU | ||
| 080 | _a821.353.1–1 | ||
| 100 | _aმებურიშვილი,ტაგუ | ||
| 245 | _aსაკუთარ თავზე ერთი თავით მაღალი კაცი | ||
| 245 | _bლექსები | ||
| 245 | _cრედ.ზ.მოლაშხია.მხატვ:აკ.თევზაძე | ||
| 260 | _aთბილისი | ||
| 260 | _bსაბჭოთა საქართველო | ||
| 260 | _c1980 | ||
| 300 | _a218გვ.17სმ | ||
| 541 | _h1ლ. | ||
| 653 | _aლექსები | ||
| 653 | _aსაკუთარ თავზე ერთი თავით მაღალი კაცი | ||
| 942 | _cBK | ||
| 999 |
_c42817 _d42817 |
||